| 000 | 00652nam a22002177a 4500 | ||
|---|---|---|---|
| 003 | UPN | ||
| 005 | 20250806153854.0 | ||
| 008 | 250806s1986 mx|a|||br||||f001 j spa d | ||
| 020 | _a968801009X | ||
| 040 |
_aMX-MxUPN _bspa _cMX-MxUPN |
||
| 050 |
_aPZ749 A8 _b1986 |
||
| 245 | _aAsí cuentan y juegan en la Huasteca | ||
| 250 | _aTercera edición | ||
| 260 |
_aMéxico : _bConsejo Nacional de Fomento Educativo, _c1986 |
||
| 300 | _a126 páginas | ||
| 490 | _aLiteratura infantil | ||
| 700 | 1 |
_aJacob, Esther _4dirección _928927 |
|
| 700 |
_aCalveiro, Pilar _4edición _957259 |
||
| 902 | _aMaiella Martínez / 06082025 | ||
| 942 |
_2lcc _cLIBRO _n0 |
||
| 999 |
_c213672 _d213672 |
||